Epoki literackie - Statystyki

Ogólne statystyki
  • Ten quiz został rozwiązany 647 razy
  • Średni wynik to 6 z 10
Statystyki odpowiedzi
Odpowiedź % Poprawnych
Średniowiecze
87%
Barok
84%
Renesans
79%
Romantyzm
75%
Oświecenie
67%
Młoda Polska
64%
Pozytywizm
61%
XX-lecie międzywojenne
50%
Literatura II wojny światowej
13%
Literatura współczesna
12%
Nie znaleziono quizów pasujących do podanych kryteriów
Rozkład punktacji
Procent ludzi z każdym wynikiem
Percentyl według liczby udzielonych odpowiedzi
Twoja historia wyników
Nie rozwiązałeś tego quizu